00540nam a2200169 4500003001100000005001700011008004100028020001500069040003900084041000800123082001600131100002800147245009300175260004000268300002500308650003700333LK-CoMWRAF20231207124539.0231126b2002 |||||||| |||| 00| 0 eng d a955915141x aLK-CoMWRAFdLK-CoMWRAFeLK-CoMWRAF aeng a348.04bHUS aHussain, M. S. Mohammed aHussain's complete digest of case law of Sri Lanka : 1820-2000, bVol-20 Teachers to Zoo aKandy : bArafa (Pvt.) Ltd., c2002 axviii, 698 p.; 26 cm aLaw reports, digests, -Sri Lanka